|
|
|
|
| LEADER |
00000nam#a22000001a#4500 |
| 001 |
00035386 |
| 003 |
AR-BaUAD |
| 005 |
20240916135051.0 |
| 008 |
231026s1968####xxuabeo##||||||||#||eng|d |
| 040 |
|
|
|a AR-BaUAD
|b spa
|c AR-BaUAD
|
| 041 |
|
|
|a eng
|
| 044 |
|
|
|c us
|2 ISO3166-1
|
| 080 |
|
|
|a 71
|
| 080 |
|
|
|a 711
|
| 100 |
1 |
|
|a Saalman, Howard
|
| 245 |
1 |
0 |
|a Medieval cities
|
| 260 |
|
|
|a New York :
|b Braziller,
|c c1968
|
| 300 |
|
|
|a 127 p. :
|b il., dib., fot., láms., mapas, planos, vistas.
|
| 490 |
|
|
|a Planning and cities ;
|v 4
|
| 505 |
|
|
|a Definition -- Background -- Carolingian interlude -- Eleventh century begginings -- Premises -- Faubourgs -- Private space. Public space -- Institutions and urban scale -- City and anti-city.
|
| 500 |
|
|
|a Contents: p. 5.
|
| 500 |
|
|
|a General editor ́s preface: p. 7.
|
| 500 |
|
|
|a Preface: p. 9.
|
| 500 |
|
|
|a Map of western Europe and Southern England: p. 10.
|
| 500 |
|
|
|a Illustrations: p. 47-112.
|
| 500 |
|
|
|a Index of cities: p. 113.
|
| 500 |
|
|
|a Appendix I: p. 114.
|
| 500 |
|
|
|a Appendix II: p. 115.
|
| 504 |
|
|
|a Appendix III. Bibliography: p. 116.
|
| 500 |
|
|
|a Notes: p. 119-121.
|
| 500 |
|
|
|a Index: p. 123-126.
|
| 500 |
|
|
|a Sources of illustrations: p. 127.
|
| 653 |
|
|
|a URBANISMO
|
| 653 |
|
|
|a HISTORIA
|
| 653 |
|
|
|a TEORIA
|
| 653 |
|
|
|a PLANIFICACION
|
| 653 |
|
|
|a CIUDADES
|
| 653 |
|
|
|a ESPACIO PUBLICO
|
| 653 |
|
|
|a ESCALAS
|
| 653 |
|
|
|a CIUDADES MEDIEVALES
|
| 653 |
|
|
|a CIUDADES FORTIFICADAS
|
| 653 |
|
|
|a EUROPA
|
| 653 |
|
|
|a EDAD MEDIA
|
| 653 |
|
|
|a SIGLO XI
|
| 655 |
|
|
|a TEXTO
|
| 852 |
|
|
|c 43-5
|
| 952 |
|
|
|0 0
|1 0
|4 0
|6 435
|7 0
|9 43597
|a AR-BaUAD
|b AR-BaUAD
|d 2023-10-26
|e Donac. Arq. Juan Dineur
|g 22356.00
|i 37386
|l 0
|o 43-5
|p 37386
|r 2024-09-16 13:50:51
|w 2024-09-16
|y BK
|
| 990 |
|
|
|a Ej. N° 1 : 37386 . 2023-10-26 -- Donac. Arq. Juan Dineur -- (22356 pesos).
|b ADM
|
| 990 |
|
|
|a U196
|b TD
|
| 990 |
|
|
|a RNJ
|b OP
|
| 990 |
|
|
|a AAQ00035386
|b CC
|
| 998 |
|
|
|a AAQ
|b Bibun 76
|
| 942 |
|
|
|c BKS
|
| 999 |
|
|
|c 23430
|d 23430
|